000 00541nam a2200193Ia 4500
005 20250326141515.0
008 250326s9999 xx 000 0 und d
020 _a0-7506-0014-4
037 _aTextbook
040 _aFMSL
_beng
_cFMSL
041 _aeng
_2eng
084 _aX9W N1
_qFMSL
100 _aCannon T
_9741740
245 0 _aEnterprise : Creation development and growth
_cCannon T
260 _aOxford
_bOxford, Butterworth Heinemann
_c1991
300 _avii,244
942 _cTB
_hX9W N1
999 _c1290626
_d1290626